[Event "Helmond Rapid op"]
[Site "Helmond"]
[Date "2025.05.03"]
[Round "7"]
[White "Mau Asam, Leon"]
[Black "Van Ree, Thailo"]
[Result "0-1"]
[WhiteElo "1742"]
[BlackElo "1911"]
[PlyCount "22"]
[EventDate "2025.05.03"]
[EventType "swiss (rapid)"]
[EventRounds "9"]
[EventCountry "NED"]
[SourceTitle "CB19_2025"]
[SourceDate "2025.05.07"]
[SourceVersion "1"]
[SourceVersionDate "2025.05.07"]
[SourceQuality "1"]

1. d4 Nf6 2. c4 Nc6 3. Nc3 e5 4. d5 Ne7 5. e4 Ng6 6. Bd3 Bc5 7. Nge2 Ng4 8. 0-0 Qh4 9. h3 Nxf2 10. Rxf2 Qxf2+ 11. Kh2 Nh4 0-1